La doctrina social de la iglesia
Gorde:
| Egile nagusia: | |
|---|---|
| Formatua: | Liburua |
| Hizkuntza: | gaztelania |
| Argitaratua: |
Buenos Aires
Difusión
1945
|
| Saila: | Colección Federico Grote, 12
|
| Gaiak: | |
| Etiketak: |
Etiketa erantsi
Etiketarik gabe, Izan zaitez lehena erregistro honi etiketa jartzen!
|
MARC
| LEADER | 00000nam a2200000 a 4500 | ||
|---|---|---|---|
| 001 | UCL0076 | ||
| 003 | CL-VaPUC | ||
| 008 | 030612e19450000AG |||||||||||||||||spa|d | ||
| 082 | 0 | 4 | |a 261.8 |b RUT |2 21 |
| 100 | 0 | |a Rutten, C |e author |9 476775 | |
| 245 | 1 | 3 | |a La doctrina social de la iglesia |
| 300 | |a 196 p | ||
| 942 | |c BK | ||
| 945 | |d 20030612 00:00:00 |a cmena | ||
| 260 | |a Buenos Aires |b Difusión |c 1945 | ||
| 650 | 0 | |a Problemas sociales |9 258537 | |
| 650 | 7 | |a IGLESIA Y SOCIEDAD |2 CL-VaPUC |9 399674 | |
| 650 | 0 | |a Cambio social |9 256857 | |
| 650 | 0 | |a Iglesia y Estado |9 254995 | |
| 583 | |a last modification |c 20030612 00:00:00 |k Rodrigo Vera | ||
| 490 | 0 | |a Colección Federico Grote, 12 | |
| 999 | |c 304104 |d 304102 | ||
| 952 | |0 0 |1 0 |4 0 |6 261_800000000000000_RUT_1945 |7 0 |8 A |9 365895 |a BIBDER |b BIBDER |d 2019-11-21 |i 3908712 |o 261.8 RUT 1945 |p 3908712 |r 2023-01-25 |w 2019-11-21 |y BK |k DER | ||